Das rotbuch über Spanien: Bilder, Dokumente, Zeugenaussagen

Guardat en:
Dades bibliogràfiques
Autor corporatiu: Anti-Komintern (Autor)
Format: Llibre
Idioma:alemany
Publicat: Berlín, Alemania Nibelungen 1937
Matèries:
Etiquetes: Afegir etiqueta
Sense etiquetes, Sigues el primer a etiquetar aquest registre!

MARC

LEADER 00000cam a2200000 a 4500
001 UCD4280
003 CL-VaPUC
005 20241121130329.0
008 160701e19370000gw |||||||||||||||||ger|d
999 |c 365218  |d 365216 
040 |c Pontificia Universidad Católica de Valparaíso 
082 0 4 |a 946.081 ANT 1937  |2 21 
110 2 |a Anti-Komintern  |e author  |9 587941 
245 1 4 |a Das rotbuch über Spanien:  |b  Bilder, Dokumente, Zeugenaussagen 
260 |a Berlín, Alemania  |b Nibelungen  |c 1937 
300 |a 317 páginas 
583 |a last modification  |c 20160913 10:08:16  |k Rodrigo Vera 
650 0 |a Guerra civil española  |y 1936-1939  |9 331803 
650 7 |a HISTORIA DE ESPAÑA  |2 CL-VaPUC  |9 587942  |y SIGLO 20 
852 |a BIBCUR 
942 |c BK  |2 ddc 
945 |d 20160701 20:49:00  |a arojas 
952 |0 0  |1 0  |2 ddc  |3 erb  |4 0  |6 946_081000000000000_ANT_1937  |7 0  |8 A  |9 479007  |a FDOHBE  |b FDOHBE  |e Huesbe Llanos, Marco Antonio, 1934-  |i 5333512  |o 946.081 ANT 1937  |p 5333512  |r 2024-01-30  |t 1  |w 2019-11-24  |y BK  |z Catalogado en:20160701  |k HBE